000 00791nam a22002177a 4500
999 _c13922
_d13922
003 AR-CdUCM
008 190416b ||||| |||| 00| 0 spa d
020 _a978-9972-09-157-5
040 _aMUNICIPALIDAD PROVINCIAL DEL CUSCO
_cBIBLIOTECA MUNICIPAL DEL CUSCO
082 _aEP / 803 /
_bR68
100 _aRivera Martínez, Edgardo
_932539
245 _aUna azucena de luz y de colores /
260 _aColombia :
_bGrupo editorial Norma,
_c2009.
300 _a60 paginas ;
_c20 cm.
440 _aColección torre de papel azul.
_932496
505 _aContenido :Pimpiro -- La sombra olvidada -- Una escritura secreta -- Una azucena de luz y de colores -- Un joven danzaq ...
650 _aCuentos
_9217
650 _aHistorietas
_910786
942 _2ddc
_cLIBROS
945 _arum
_d2019-04-16